000 00641nam a2200205Ia 4500
005 20250425162815.0
008 250425s9999 xx 000 0 und d
020 _a9786075262987
041 _z
_hspa
082 _a658.5038
_pLER
100 _aLerma Kirchner, Alejandro E.
245 0 _aDesarrollo de productos: Una visión integral
_cAlejandro E. Lerma Kirchner
260 _aMéxico, D.F.
_bCENGAGE Learning Editores, S.A.
_c2017
300 _a367 páginas
_bIlustraciones
_c24.5 cm
500 _aIncluye Tabla de Contenido, Apendices
504 _aReferencias
650 _aDesarrollo
_eProductos
942 _c01
010 _a109370
999 _c236814
_d236814